The Iliad (Record no. 10214)

MARC details
000 -LEADER
fixed length control field 00454cam a2200181ua 4500
008 - FIXED-LENGTH DATA ELEMENTS--GENERAL INFORMATION
fixed length control field 190916n ii |||gr||||Z||||||eng
020 ## - INTERNATIONAL STANDARD BOOK NUMBER
International Standard Book Number 9788174763068
040 ## - CATALOGING SOURCE
Transcribing agency MAIN
082 ## - DEWEY DECIMAL CLASSIFICATION NUMBER
Classification number 883.01
100 ## - MAIN ENTRY--PERSONAL NAME
Personal name Homer,
Relator term
245 ## - TITLE STATEMENT
Title The Iliad
Statement of responsibility, etc. By Homer
260 ## - PUBLICATION, DISTRIBUTION, ETC.
Place of publication, distribution, etc. Ne Delhi:
Name of publisher, distributor, etc. UBS Publishers Distributors,
Date of publication, distribution, etc. 2012.
300 ## - PHYSICAL DESCRIPTION
Extent 424p.
942 ## - ADDED ENTRY ELEMENTS (KOHA)
Koha item type Books
653 ## - INDEX TERM--UNCONTROLLED
Uncontrolled term Classical Greek epic poetry & fiction
653 ## - INDEX TERM--UNCONTROLLED
Uncontrolled term Greek Tragedy
Holdings
Withdrawn status Lost status Damaged status Not for loan Home library Current library Shelving location Date acquired Total Checkouts Full call number Barcode Date last seen Date last checked out Copy number Price effective from Koha item type
        Central Library, Naharkatiya College Central Library, Naharkatiya College General Stacks 19/09/2020 2 883.01English Literature | HOM 27621 05/11/2022 20/10/2022 1 19/09/2020 Books
        Central Library, Naharkatiya College Central Library, Naharkatiya College General Stacks 19/09/2020 5 883.01English Literature | HOM 27622 10/12/2022 31/10/2022 2 19/09/2020 Books
        Central Library, Naharkatiya College Central Library, Naharkatiya College General Stacks 19/09/2020 3 883.01English Literature | HOM 27623 11/11/2022 20/10/2022 3 19/09/2020 Books
        Central Library, Naharkatiya College Central Library, Naharkatiya College General Stacks 19/09/2020 2 883.01English Literature | HOM 27624 06/05/2023 01/03/2021 4 19/09/2020 Books

Naharkatiya College © 2020. All rights reserved.

Powered By